| 000 | 00655nam a2200193 a 4500 | ||
|---|---|---|---|
| 001 | BRCA_439 | ||
| 005 | 20190320203018.0 | ||
| 008 | 050905s1983----sp-a---###---#000-0#spa-# | ||
| 020 | _a8474833612 | ||
| 050 | 4 |
_aNK4565 _b.T33 1983 |
|
| 100 | 1 |
_aTabar de Anitua, Fernando _91504 |
|
| 245 | 1 | 0 |
_aCerámicas de China y Japón en el Museo Nacional de Artes Decorativas _cFernando Tabar de Anitua. |
| 260 |
_aMadrid _bMinisterio de Cultura _c1983 |
||
| 300 |
_a203 p. _bil. (algunas a color) _c24 cm. |
||
| 504 | _aBibliografía: p. 167-169 | ||
| 650 | 1 | 4 |
_aCerámica china _ySiglo XIV-XX _91505 |
| 650 | 1 | 4 |
_aCerámica japonesa _ySiglo XIV-XX _91506 |
| 942 |
_2lcc _cB |
||
| 999 |
_c374 _d374 |
||